Sports Quiz

Random Sports or Rugby Quiz
Score 0/10 Timer 05:00
0 Plays Today
Hint Answer % Correct
26 Tries (Ireland) Brian O'Driscoll
95.1%
14 Tries (England) Jason Robinson
77.6%
12 Tries (England)Jonny May
66.6%
14 Tries (Ireland)Tommy Bowe
61.9%
14 Tries (England) Will Greenwood
60.2%
12 Tries (Ireland)Keith Earls
59.8%
10 Tries (Ireland)Ronan O'Gara
56.3%
13 Tries (Ireland)Shane Horgan
53.3%
16 Tries (England) Ben Cohen
45.1%
10 Tries (England) Jonathan Joseph
14.6%
Remove Ads.
Support Sporcle.
Get the best of Sporcle when you Go Orange. This ad-free experience offers more features, more stats, and more fun while also helping to support Sporcle. Thank you for becoming a member.

You're not logged in!

Compare scores with friends on all Sporcle quizzes.
OR
Log In

Show Comments

Extras

Created Feb 23, 2020ReportNominate
Tags:Rugby Quiz, Six Nations

Top Quizzes Today


Score Distribution

Your Account Isn't Verified!

In order to create a playlist on Sporcle, you need to verify the email address you used during registration. Go to your Sporcle Settings to finish the process.

Report this User

Report this user for behavior that violates our Community Guidelines.

Details: